[Event "5MCR_4D_1L_4S"]
[Site "?"]
[Date "2002.??.??"]
[Round "?"]
[White "Rybakova, Ivana"]
[Black "Kolarik, Jiri"]
[Result "1-0"]
[WhiteElo "2170"]
[BlackElo "2375"]
[PlyCount "73"]
[EventDate "2002.??.??"]
[EventType "corr"]
[SourceDate "2004.??.??"]

1. e4 e6 2. d4 d5 3. Nd2 Nf6 4. e5 Nfd7 5. Bd3 c5 6. c3 Nc6 7. Ne2 cxd4 8. cxd4
f6 9. exf6 Nxf6 10. f4 Bd6 11. O-O O-O 12. Nf3 Qb6 13. Kh1 Bd7 14. Nc3 Kh8 15.
a3 Ne7 16. Ne5 Qxd4 17. Re1 Qb6 18. Nxd7 Nxd7 19. Rxe6 Rf6 20. Qh5 h6 21. Re2
a6 22. Qh3 Rd8 23. g4 Qc6 24. g5 Rf7 25. f5 Ne5 26. g6 Nxd3 27. Bxh6 d4+ 28.
Kg1 gxh6 29. Qxh6+ Kg8 30. gxf7+ Kxf7 31. Qh5+ Kf8 32. Qh8+ Kf7 33. Qh7+ Ke8
34. f6 Bxh2+ 35. Kxh2 Qd6+ 36. Kg1 Qxf6 37. Ne4 1-0

[Event "5MCR_4D_1L_4S"]
[Site "?"]
[Date "2002.??.??"]
[Round "?"]
[White "Rybakova, Ivana"]
[Black "Kosek, Lubomir"]
[Result "1/2-1/2"]
[WhiteElo "2170"]
[BlackElo "2110"]
[PlyCount "90"]
[EventDate "2002.??.??"]
[EventType "corr"]
[SourceDate "2004.??.??"]

1. e4 e5 2. Nf3 Nc6 3. Bc4 Bc5 4. b4 Bxb4 5. c3 Ba5 6. d4 d6 7. Qb3 Qd7 8. dxe5
Bb6 9. Nbd2 dxe5 10. Ba3 Na5 11. Qb4 c5 12. Qb2 Nxc4 13. Nxc4 f6 14. Qb3 Qd3
15. Nfd2 Ne7 16. Ne3 Ba5 17. Bxc5 Qxc3 18. Qxc3 Bxc3 19. Rc1 Bxd2+ 20. Kxd2 Nc6
21. Nd5 Kf7 22. Nc7 Rb8 23. Ke3 Be6 24. a3 Rhd8 25. Rhd1 b6 26. Nxe6 Kxe6 27.
Rxd8 Nxd8 28. Bb4 Rb7 29. g3 Nf7 30. Rc8 Nh6 31. Re8+ Kf7 32. Rd8 Kg6 33. h3
Rc7 34. Rb8 Nf7 35. f4 f5 36. Re8 Kf6 37. exf5 exf4+ 38. Kxf4 Rc4+ 39. Ke3 a5
40. Bd2 Kxf5 41. g4+ Kf6 42. Kd3 Nd6 43. Rd8 Rc6 44. Bc3+ Kg5 45. Rd7 Kh4
1/2-1/2

[Event "5MCR_4D_1L_4S"]
[Site "?"]
[Date "2002.??.??"]
[Round "?"]
[White "Rybakova, Ivana"]
[Black "Kovar, Jan"]
[Result "1/2-1/2"]
[WhiteElo "2170"]
[BlackElo "2000"]
[PlyCount "66"]
[EventDate "2002.??.??"]
[EventType "corr"]
[SourceDate "2004.??.??"]

1. e4 e6 2. d4 d5 3. Nd2 c5 4. Ngf3 cxd4 5. Nxd4 Nf6 6. e5 Nfd7 7. N2f3 Nc6 8.
Nxc6 bxc6 9. Bd3 Ba6 10. O-O Bxd3 11. cxd3 Be7 12. Qa4 Qc7 13. Re1 O-O 14. Qg4
Rfc8 15. h4 Rab8 16. h5 c5 17. Bh6 g6 18. b3 a5 19. hxg6 hxg6 20. Qh3 Nf8 21.
g3 f5 22. exf6 Bxf6 23. Bxf8 Rxf8 24. Rxe6 a4 25. bxa4 Bxa1 26. Rxg6+ Bg7 27.
Ng5 Rfe8 28. Qh7+ Kf8 29. Rf6+ Bxf6 30. Qxc7 Bxg5 31. Qxc5+ Be7 32. Qxd5 Rb6
33. Kf1 Ra6 1/2-1/2

[Event "5MCR_4D_1L_4S"]
[Site "?"]
[Date "2002.??.??"]
[Round "?"]
[White "Rybakova, Ivana"]
[Black "Lorenc, Tomas"]
[Result "1/2-1/2"]
[WhiteElo "2170"]
[BlackElo "2200"]
[PlyCount "64"]
[EventDate "2002.??.??"]
[EventType "corr"]
[SourceDate "2004.??.??"]

1. e4 c5 2. c3 d5 3. exd5 Qxd5 4. d4 g6 5. Na3 cxd4 6. Nb5 Na6 7. Qxd4 Qxd4 8.
Nxd4 Nf6 9. Ngf3 Bg7 10. Bc4 O-O 11. O-O Nc7 12. Re1 Re8 13. Bf4 Ncd5 14. Be5
Bd7 15. a4 Nb6 16. Bb3 a5 17. Bg3 Nfd5 18. Ne5 e6 19. f3 Rac8 20. Nxd7 Bxd4+
21. cxd4 Nxd7 22. Rac1 N7f6 23. Kf2 Red8 24. Be5 Nd7 25. Bxd5 exd5 26. Rxc8
Rxc8 27. Bg3 Rc2+ 28. Re2 Rxe2+ 29. Kxe2 Nb6 30. b3 Nc8 31. Kd3 Ne7 32. Bd6 Nc6
1/2-1/2

[Event "5MCR_4D_1L_4S"]
[Site "?"]
[Date "2002.??.??"]
[Round "?"]
[White "Rybakova, Ivana"]
[Black "Musil, Martin"]
[Result "1/2-1/2"]
[WhiteElo "2170"]
[BlackElo "2000"]
[PlyCount "84"]
[EventDate "2002.??.??"]
[EventType "corr"]
[SourceDate "2004.??.??"]

1. e4 e6 2. d4 d5 3. Nd2 Nf6 4. e5 Nfd7 5. Bd3 c5 6. c3 Nc6 7. Ne2 cxd4 8. cxd4
f6 9. exf6 Nxf6 10. f4 Bd6 11. O-O O-O 12. Nf3 Qb6 13. Kh1 Bd7 14. Nc3 Kh8 15.
Ne5 Rac8 16. a3 Be8 17. Be3 Na5 18. Qe1 Qxb2 19. Bd2 Nc4 20. Bxc4 dxc4 21. f5
Qb6 22. fxe6 Qxd4 23. Bf4 Qc5 24. Rd1 Bc7 25. e7 Rg8 26. Bg3 h6 27. a4 a6 28.
Rf5 Kh7 29. Rxf6 gxf6 30. Qe4+ Kh8 31. Nd7 Qc6 32. Qh4 Rg6 33. Qh3 Bxg3 34. Nf8
Rg7 35. Qxh6+ Kg8 36. hxg3 Rc7 37. Nd5 Rcxe7 38. Nxf6+ Kxf8 39. Nh7+ Kg8 40.
Nf6+ Kf8 41. Nh7+ Kg8 42. Nf6+ Kf8 1/2-1/2

[Event "5MCR_4D_1L_4S"]
[Site "?"]
[Date "2002.??.??"]
[Round "?"]
[White "Rybakova, Ivana"]
[Black "Rachunek, Milan"]
[Result "1/2-1/2"]
[WhiteElo "2170"]
[BlackElo "2235"]
[PlyCount "34"]
[EventDate "2002.??.??"]
[EventType "corr"]
[SourceDate "2004.??.??"]

1. e4 e5 2. Nf3 Nc6 3. Bc4 Bc5 4. c3 Nf6 5. O-O Nxe4 6. d4 d5 7. Nxe5 Nxe5 8.
Bb3 Bb6 9. dxe5 Qh4 10. Qe1 c6 11. Be3 Bf5 12. Bc2 Bg6 13. f4 Qxe1 14. Rxe1 Bc7
15. a4 O-O 16. g4 f5 17. g5 Rad8 1/2-1/2

[Event "5MCR_4D_1L_4S"]
[Site "?"]
[Date "2002.??.??"]
[Round "?"]
[White "Struzka, Vlastimil"]
[Black "Flek, Vladislav"]
[Result "1/2-1/2"]
[WhiteElo "2180"]
[BlackElo "2000"]
[PlyCount "96"]
[EventDate "2002.??.??"]
[EventType "corr"]
[SourceDate "2004.??.??"]

1. d4 Nf6 2. c4 e6 3. Nc3 Bb4 4. a3 Bxc3+ 5. bxc3 c5 6. e4 Nxe4 7. Qg4 f5 8.
Qxg7 Qf6 9. Qxf6 Nxf6 10. Bf4 Nc6 11. Rd1 Ne4 12. Ne2 b6 13. f3 Nf6 14. dxc5
bxc5 15. Be3 Ba6 16. Nf4 Na5 17. Bxc5 Bxc4 18. Bd4 Rf8 19. Kf2 Rb8 20. Bxc4
Nxc4 21. Rhe1 Nb2 22. Rb1 Kf7 23. Bxa7 Ra8 24. Rxb2 Rxa7 25. Rb3 Rfa8 26. Ra1
e5 27. Nd3 d6 28. c4 Ke6 29. g3 Nd7 30. Ke2 Rc7 31. Rc1 Ra5 32. Rcc3 Rca7 33.
Ke3 h5 34. h3 Ra8 35. Ke2 Rg8 36. Kf2 Rc8 37. Rb1 Rca8 38. Ra1 Rc8 39. Re1 Kf7
40. Ke2 Kf6 41. Rec1 Ke6 42. Rb1 Rca8 43. Rbb3 Rc8 44. Rb2 Rca8 45. Ra2 Rc8 46.
Kf2 Nb6 47. Rac2 Rca8 48. Rb3 Rxa3 1/2-1/2

[Event "5MCR_4D_1L_4S"]
[Site "?"]
[Date "2002.??.??"]
[Round "?"]
[White "Struzka, Vlastimil"]
[Black "Hladik, Josef"]
[Result "0-1"]
[WhiteElo "2180"]
[BlackElo "2205"]
[PlyCount "92"]
[EventDate "2002.??.??"]
[EventType "corr"]
[SourceDate "2004.??.??"]

1. d4 Nf6 2. c4 e6 3. Nc3 Bb4 4. a3 Bxc3+ 5. bxc3 Ne4 6. Qc2 f5 7. g3 b6 8. Bg2
Bb7 9. Nf3 Nc6 10. O-O Qe7 11. Rb1 O-O 12. c5 d6 13. Nd2 Nxd2 14. cxd6 cxd6 15.
Bxd2 Rfc8 16. Qd3 Na5 17. f3 Nc4 18. Bc1 d5 19. Ra1 Qf6 20. Bf4 g5 21. Bc1 Rc7
22. e4 f4 23. Re1 Rf8 24. Ra2 Qg6 25. Rf2 Nd6 26. gxf4 gxf4 27. Kh1 Rcf7 28.
Rg1 Rg7 29. Qf1 dxe4 30. Bh3 Qxg1+ 31. Qxg1 Rxg1+ 32. Kxg1 e3 33. Bxe6+ Kg7 34.
Rg2+ Kf6 35. d5 h5 36. h4 Bc8 37. Bxc8 Rxc8 38. Kf1 Nf5 39. Rg1 Nxh4 40. Ke2
Nf5 41. Kd3 h4 42. Rg2 Ng3 43. Rh2 Kg5 44. a4 Re8 45. d6 Rd8 46. Ba3 e2 0-1

[Event "5MCR_4D_1L_4S"]
[Site "?"]
[Date "2002.??.??"]
[Round "?"]
[White "Struzka, Vlastimil"]
[Black "Janecek, Josef"]
[Result "0-1"]
[WhiteElo "2180"]
[BlackElo "2185"]
[PlyCount "112"]
[EventDate "2002.??.??"]
[EventType "corr"]
[SourceDate "2004.??.??"]

1. d4 Nf6 2. c4 g6 3. Nc3 Bg7 4. Nf3 d6 5. e4 O-O 6. Be2 e5 7. dxe5 dxe5 8.
Qxd8 Rxd8 9. Bg5 Nbd7 10. Rd1 Rf8 11. Nb5 c6 12. Nd6 Nc5 13. Bxf6 Bxf6 14. b4
Ne6 15. c5 a5 16. a3 axb4 17. axb4 Ra4 18. Rb1 Nf4 19. Bf1 Be6 20. g3 Nh3 21.
Nd2 Rfa8 22. Bc4 Bxc4 23. N2xc4 Ra2 24. Rf1 Ng5 25. Nd2 Ne6 26. Nxb7 Bg5 27.
Nc4 Nd4 28. f4 exf4 29. gxf4 Bh4+ 30. Kd1 Nb5 31. Rc1 R8a4 32. Nd2 R4a3 33. Rc4
Rb2 34. Ke2 Nc3+ 35. Rxc3 Rxc3 36. Na5 Rh3 37. Rh1 Bg3 38. Rb1 Rxh2+ 39. Kf3
Rhxd2 40. Rxb2 Rxb2 41. Kxg3 Rxb4 42. e5 Rb5 43. Nxc6 Rxc5 44. Nd4 Rc3+ 45. Kf2
Rc4 46. Ke3 Rxd4 47. Kxd4 Kf8 48. Kc5 Ke7 49. Kd5 h5 50. Kd4 Ke6 51. Ke4 h4 52.
Ke3 h3 53. Kf2 Kf5 54. Kg3 h2 55. Kxh2 Kxf4 56. Kg2 Kxe5 0-1

[Event "5MCR_4D_1L_4S"]
[Site "?"]
[Date "2002.??.??"]
[Round "?"]
[White "Struzka, Vlastimil"]
[Black "Jordanek, Jiri"]
[Result "0-1"]
[WhiteElo "2180"]
[BlackElo "2000"]
[PlyCount "102"]
[EventDate "2002.??.??"]
[EventType "corr"]
[SourceDate "2004.??.??"]

1. d4 Nf6 2. c4 e6 3. Nc3 Bb4 4. a3 Bxc3+ 5. bxc3 c5 6. dxc5 Qa5 7. Qd4 Nc6 8.
Qe3 O-O 9. Rb1 Rd8 10. Nf3 d5 11. cxd6 Rxd6 12. Nd2 e5 13. f3 b6 14. g4 Be6 15.
Bg2 Rdd8 16. O-O Rac8 17. h3 Qa4 18. f4 Bxc4 19. fxe5 Nd5 20. Qe4 Nxc3 21. Qxc4
Qxc4 22. Nxc4 Nxb1 23. Nd6 Nc3 24. Nxc8 Rxc8 25. Kf2 Na4 26. Bf4 Nd4 27. Bd2
Nc5 28. Bd5 Nd7 29. Rd1 Ne6 30. Bxe6 fxe6 31. Bf4 Rc7 32. h4 h6 33. h5 b5 34.
e3 Kf7 35. Kf3 Nb6 36. Rd3 a5 37. e4 a4 38. Kg3 Nc4 39. Rf3 Ke8 40. Rc3 Rd7 41.
Be3 Rd1 42. Bc5 Rb1 43. Rc2 Rb3+ 44. Kf4 Nxa3 45. Bxa3 Rxa3 46. Rc8+ Kd7 47.
Rg8 b4 48. Rxg7+ Kc6 49. g5 hxg5+ 50. Rxg5 b3 51. Rg1 b2 0-1

[Event "5MCR_4D_1L_4S"]
[Site "?"]
[Date "2002.??.??"]
[Round "?"]
[White "Struzka, Vlastimil"]
[Black "Kuta, Miroslav"]
[Result "0-1"]
[WhiteElo "2180"]
[BlackElo "2180"]
[PlyCount "118"]
[EventDate "2002.??.??"]
[EventType "corr"]
[SourceDate "2004.??.??"]

1. d4 Nf6 2. c4 g6 3. Nc3 Bg7 4. Nf3 O-O 5. e4 d6 6. Be2 e5 7. dxe5 dxe5 8.
Qxd8 Rxd8 9. Bg5 c6 10. Nxe5 Re8 11. O-O-O Na6 12. f4 h6 13. Bxf6 Bxf6 14. a3
Bxe5 15. fxe5 Kg7 16. b4 Rxe5 17. c5 Be6 18. Bxa6 bxa6 19. Rd6 a5 20. Kd2 axb4
21. axb4 Rb8 22. Rb1 a5 23. bxa5 Ra8 24. Rxc6 Rxa5 25. Rb5 Rxb5 26. Nxb5 Bd7
27. Rb6 Rxc5 28. Nd6 Ra5 29. Ke3 Be6 30. Ne8+ Kf8 31. Nc7 Ke7 32. Ra6 Rc5 33.
Nxe6 fxe6 34. Kd4 Rb5 35. e5 Rb2 36. Ra7+ Kf8 37. Kc5 Rd2 38. Ra5 h5 39. h3 Kg7
40. g3 Rd3 41. Kc6 Rxg3 42. h4 Rg4 43. Kd6 Rxh4 44. Kxe6 Re4 45. Ra2 h4 46. Rh2
Rd4 47. Rh1 Kh6 48. Kf7 Rf4+ 49. Ke7 g5 50. e6 Kg6 51. Ke8 Re4 52. e7 Kh5 53.
Kd7 g4 54. Ra1 h3 55. Ra5+ Kh4 56. Ra2 Rxe7+ 57. Kxe7 g3 58. Ra8 Kg4 59. Ra4+
Kf3 0-1

[Event "5MCR_4D_1L_4S"]
[Site "?"]
[Date "2002.??.??"]
[Round "?"]
[White "Struzka, Vlastimil"]
[Black "Mozny, Milos"]
[Result "1/2-1/2"]
[WhiteElo "2180"]
[BlackElo "2000"]
[PlyCount "105"]
[EventDate "2002.??.??"]
[EventType "corr"]
[SourceDate "2004.??.??"]

1. d4 Nf6 2. c4 e6 3. Nc3 Bb4 4. a3 Bxc3+ 5. bxc3 O-O 6. Qc2 c5 7. e4 d5 8. e5
Ne4 9. Bd3 cxd4 10. cxd4 Nc6 11. Nf3 Qa5+ 12. Bd2 Nxd2 13. Qxd2 Qxd2+ 14. Kxd2
dxc4 15. Bxc4 Rd8 16. Kd3 Ne7 17. Rhc1 Bd7 18. g4 Bc6 19. Ng5 Nd5 20. Bxd5 Rxd5
21. Ke3 Rad8 22. Rd1 Ra5 23. f4 Ra4 24. h4 h6 25. Ne4 Bxe4 26. Kxe4 Kf8 27. f5
Ke7 28. Rd3 Rc4 29. Rf1 b5 30. f6+ gxf6 31. Rxf6 Rg8 32. Kf4 Rd8 33. Ke3 Rg8
34. Rf4 a5 35. Ke4 Rd8 36. Rf2 b4 37. axb4 axb4 38. Ra2 Rd7 39. g5 hxg5 40.
hxg5 b3 41. Rb2 Rb4 42. Rbxb3 Rdxd4+ 43. Rxd4 Rxb3 44. Kf4 Rb1 45. Ra4 Rf1+ 46.
Kg4 Kf8 47. Ra3 Kg7 48. Rf3 Re1 49. Kf4 Kg6 50. Rh3 Rf1+ 51. Ke4 Rf5 52. Rh1
Rxg5 53. Rf1 1/2-1/2

[Event "5MCR_4D_1L_4S"]
[Site "?"]
[Date "2002.??.??"]
[Round "?"]
[White "Struzka, Vlastimil"]
[Black "Rybakova, Ivana"]
[Result "0-1"]
[WhiteElo "2180"]
[BlackElo "2170"]
[PlyCount "102"]
[EventDate "2002.??.??"]
[EventType "corr"]
[SourceDate "2004.??.??"]

1. d4 Nf6 2. c4 e6 3. Nc3 d5 4. Nf3 c5 5. cxd5 Nxd5 6. e4 Nxc3 7. bxc3 cxd4 8.
cxd4 Bb4+ 9. Bd2 Bxd2+ 10. Qxd2 O-O 11. Rc1 Nc6 12. Bb5 Bd7 13. Be2 Qf6 14. O-O
Rfd8 15. Qe3 Rac8 16. e5 Qe7 17. Qe4 Be8 18. Bd3 g6 19. Qg4 Nb4 20. Bc4 Rxc4
21. Rxc4 Bb5 22. Rxb4 Qxb4 23. Rc1 Bc6 24. Qh4 Rd7 25. h3 h5 26. Qf4 Qa5 27.
Rc2 Qa4 28. Rd2 Bxf3 29. gxf3 Qc4 30. Kh2 b5 31. Qe3 a5 32. a3 b4 33. axb4 axb4
34. Kg2 b3 35. Rb2 Rxd4 36. Qxb3 Qc1 37. Rb1 Qg5+ 38. Kf1 Rh4 39. Qe3 Qf5 40.
Rb8+ Kh7 41. Ke2 Ra4 42. Qc3 Ra2+ 43. Rb2 Rxb2+ 44. Qxb2 Qxh3 45. f4 Qg4+ 46.
Ke3 Kg7 47. Qa1 h4 48. Qe1 h3 49. f3 Qh5 50. Qh1 h2 51. Kf2 Qh3 0-1